000 00888nam a2200253 i 4500
001 93928
003 ES-MaACL
005 20250813063312.0
007 t|
008 050422s1981 sp ||||1| cat d
080 _a329(460.23)PSUC
100 1 _aLópez Raimundo, Gregorio,
_d1914-2007
_973909
245 1 3 _aEl PSUC i l'eurocomunisme /
_cGregorio López Raimundo, Antoni Gutiérrez Díaz ; presentació por Manuel Campo Vidal ; traduit per M. Angels Espuny Solé.
250 _a1ª ed.
260 _aBarcelona :
_bGrijalbo,
_c1981.
300 _a231 p. ;
_c19 cm.
610 2 _aPartit Socialista Unificat de Catalunya.
_96162
650 4 _aEurocomunismo-
_zEspaña.
_9140358
700 1 _aGutiérrez Díaz, Antoni.
_961139
700 1 _aCampo Vidal, Manuel.
_934222
700 1 _aEspuny Solé, M. Angels.
_947954
852 4 _aES-MaACL
_jL-1073
999 _c93928
_d93928